| 000 | 00589nam a2200193Ia 4500 | ||
|---|---|---|---|
| 003 | GCL | ||
| 008 | 140319s9999 xx 000 0 ara d | ||
| 040 |
_aGCL / _cGCL |
||
| 082 | 0 | 4 |
_a267.7 _bا ت |
| 100 | 1 | _aسالم بن احمد بن عبد الهادى | |
| 245 | 1 | 0 |
_aالتوكل على الله / _cسالم بن احمد بن عبد الهادى |
| 260 |
_a[S.N] : _bمكتبة التراث الاسلامى ، _c1988 |
||
| 300 | _a116 ص | ||
| 490 | _a | ||
| 650 | 0 | 4 | _aالاسلام |
| 650 | 0 | 4 | _aالتصوف الاسلامى |
| 650 | 0 | 4 | _aالتصوف |
| 942 |
_2ddc _cBK |
||
| 999 |
_c52620 _d52620 |
||